| 000 | 00423nam a2200133Ia 4500 | ||
|---|---|---|---|
| 008 | 210210b1994 xxu||||| |||| 00| 0 eng d | ||
| 082 | _a371.42 TANC | ||
| 100 | _aTANDON (Kum Kum). | ||
| 245 | _aCareer planner after 10+2 and beyond what where and how ?, commerce and humanities related careers. | ||
| 260 |
_aNew Delhi. _bCareer Planners., _c1994 |
||
| 300 | _axxvii,271 | ||
| 690 | _aCareer & Counselling | ||
| 906 | _a048741 | ||
| 999 |
_c97704 _d97704 |
||